000 00680cam a2200181 4500
001 WS116474
008 020125n 000 0 eng u
035 _a(Sirsi) u116474
110 _aInternational Water Association
_94188
245 _aInternational Water Association
520 _aWeb site for this organisation set up for the 'improvement of urban water management worldwide in an environmentally sustainable way'. Includes pages on drinking water and news.
650 _aINTERNATIONAL
650 _aDRINKING WATER
650 _aORGANISATION
690 _aWATER
856 4 0 _uhttps://www.iawq.org.uk
_zView the website free of charge at www.iawq.org.uk...
942 _n0
999 _c119995
_d119995